Anuario de investigación de la comunicación CONEICC : XVII /

में बचाया:
ग्रंथसूची विवरण
निगमित लेखक: Consejo Nacional para la Enseñanza y la Investigación de las Ciencias de la Comunicación
अन्य लेखक: Marín Ortiz, Angel Manuel (coordinación e introducción) (coordinación e introducción)
स्वरूप: पुस्तक
भाषा:स्पेनिश
प्रकाशित: México : Consejo Nacional para la Enseñanza y la Investigación de las Ciencias de la Comunicación, 2010, c2010
टैग: टैग जोड़ें
कोई टैग नहीं, इस रिकॉर्ड को टैग करने वाले पहले व्यक्ति बनें!

MARC

LEADER 00000nam^a2200000^a^4500
001 000588599
005 20250521000000.0
009 20260310132832.453
020 |a 978-607-7753-72-8 
037 |a Acervo ITESO - Biblioteca 
041 |a ESP 
091 |a FCR. 00306 
110 |a Consejo Nacional para la Enseñanza y la Investigación de las Ciencias de la Comunicación 
245 1 0 |a Anuario de investigación de la comunicación CONEICC :  |b XVII / 
264 4 |a México :  |b Consejo Nacional para la Enseñanza y la Investigación de las Ciencias de la Comunicación,  |c 2010, c2010 
300 |a 181 p. 
336 |a texto  |b txt  |2 rdacontenido 
337 |a sin mediación  |b n  |2 rdamedio 
338 |a volumen  |b nc  |2 rdasoporte 
649 |a XX 
700 |a Marín Ortiz, Angel Manuel  |e (coordinación e introducción) 
910 |a Fondo Cristina Romo Gil 
920 |a Impresos - Libros 
930 |a Fondos Especiales 
905 |a 143 
901 |a 1100031097  |b IT2  |c ESP  |i D122590  |u 20250521 
902 |a https://opac.biblio.iteso.mx/vufind/Record/000588599